Infracciones atípicas en el derecho tributario nacional (Registro nro. 15891)

Detalles MARC
000 -LEADER
fixed length control field 00368 a2200121 4500
001 - CONTROL NUMBER
control field ART_44739
005 - DATE AND TIME OF LATEST TRANSACTION
control field 20260410161709.0
008 - FIXED-LENGTH DATA ELEMENTS--GENERAL INFORMATION
fixed length control field 260409a
100 1# - MAIN ENTRY--PERSONAL NAME
Personal name Albornoz, Juan J.
245 10 - TITLE STATEMENT
Title Infracciones atípicas en el derecho tributario nacional
700 1# - ADDED ENTRY--PERSONAL NAME
Personal name Pérez, Anahí Flavia
773 0# - HOST ITEM ENTRY
Title Revista Impuestos
Related parts - Nº 10 (oct. 2017)
Record control number REV639

No hay ítems disponibles.